000 00372nam a2200133Ia 4500
008 220204s9999 xx 000 0 und d
020 _a3540436200
082 _a581
_bESS
245 0 _aProgress in botany : Genetics, physiology, systematics & ecology. 64
260 _aBerlin
_bSpringer-Verlag
_c2003
650 _aPlant ecology
700 _aEsser, Bochum K
942 _cBK
999 _c42083
_d42083